| 000 | 01314nam a22004337a 4500 | ||
|---|---|---|---|
| 005 | 20251217114751.0 | ||
| 008 | 210616b2019 xxu||||| |||| 00| 0 spa d | ||
| 020 | _a9786071514431 | ||
| 041 | _aESP | ||
| 082 | _a658.575 P618m | ||
| 100 |
_aPieri, Jules _960359 |
||
| 245 | _aMakers: cómo transformar ideas en productos en estos tiempos | ||
| 260 | _aMéxico | ||
| 260 | _bMcGraw-Hill | ||
| 260 | _c2020 | ||
| 300 | _a315 páginas | ||
| 490 | _aDirección y Administración de Empresas | ||
| 505 | _aParte I. Inicia tu propia empresa; Parte II. Construye las 16 competencias para el éxito; | ||
| 650 | _aDESARROLLO DE NUEVOS PRODUCTOS | ||
| 650 | _aBIENES DE CONSUMO | ||
| 650 | _aEMPRENDEDURISMO | ||
| 650 | _aINVESTIGACIÓN DE MERCADOS | ||
| 650 | _aDISEÑO | ||
| 650 | _aPROPIEDAD INTELECTUAL | ||
| 650 | _aPROTOTIPOS | ||
| 650 | _aFINANCIAMIENTO | ||
| 650 | _aFABRICACIÓN | ||
| 650 | _aDISEÑO DE EMPAQUES | ||
| 650 | _aMARKETING | ||
| 650 | _aDISTRIBUCIÓN | ||
| 650 | _aLOGÍSTICA | ||
| 650 | _aCOMERCIO ELECTRÓNICO | ||
| 650 | _aEXPERIENCIA DEL CLIENTE | ||
| 650 | _aADMINISTRACIÓN FINANCIERA | ||
| 650 | _aADMINISTRACIÓN DEL EFECTIVO | ||
| 650 | _aADMINISTRACIÓN DE INVENTARIOS | ||
| 650 | _aINICIATIVAS DE MERCADO DE BAJO COSTO | ||
| 942 |
_cBK _2ddc |
||
| 999 |
_c13028 _d13028 |
||